MARC details
| 000 -LEADER |
| fixed length control field |
02955ctm a22004334a 4500 |
| 001 - CONTROL NUMBER |
| control field |
muse59919 |
| 003 - CONTROL NUMBER IDENTIFIER |
| control field |
MdBmJHUP |
| 005 - DATE AND TIME OF LATEST TRANSACTION |
| control field |
20210127151225.0 |
| 006 - FIXED-LENGTH DATA ELEMENTS--ADDITIONAL MATERIAL CHARACTERISTICS |
| fixed length control field |
m o d |
| 007 - PHYSICAL DESCRIPTION FIXED FIELD--GENERAL INFORMATION |
| fixed length control field |
cr||||||||nn|n |
| 008 - FIXED-LENGTH DATA ELEMENTS--GENERAL INFORMATION |
| fixed length control field |
171101s2017 scu o 00 0 eng d |
| 010 ## - LIBRARY OF CONGRESS CONTROL NUMBER |
| Canceled/invalid LC control number |
2017045516 |
| 020 ## - INTERNATIONAL STANDARD BOOK NUMBER |
| International Standard Book Number |
9781941269121 |
| 020 ## - INTERNATIONAL STANDARD BOOK NUMBER |
| Canceled/invalid ISBN |
9781941269107 (pbk. : alk. paper) |
| 035 ## - SYSTEM CONTROL NUMBER |
| System control number |
(OCoLC)1065119328 |
| 040 ## - CATALOGING SOURCE |
| Original cataloging agency |
MdBmJHUP |
| Transcribing agency |
MdBmJHUP |
| 043 ## - GEOGRAPHIC AREA CODE |
| Geographic area code |
n-us--- |
| 050 04 - LIBRARY OF CONGRESS CALL NUMBER |
| Classification number |
Z672.5+ |
| 245 10 - TITLE STATEMENT |
| Title |
Roll with the Times, or the Times Roll Over You |
| Remainder of title |
Charleston Conference Proceedings, 2016 / |
| Statement of responsibility, etc. |
edited by Beth R. Bernhardt, Leah H. Hinds, and Katina P. Strauch. |
| 264 #1 - PRODUCTION, PUBLICATION, DISTRIBUTION, MANUFACTURE, AND COPYRIGHT NOTICE |
| Name of producer, publisher, distributor, manufacturer |
Against the Grain Press, LLC., |
| 264 #3 - PRODUCTION, PUBLICATION, DISTRIBUTION, MANUFACTURE, AND COPYRIGHT NOTICE |
| Name of producer, publisher, distributor, manufacturer |
Project MUSE, |
| 300 ## - PHYSICAL DESCRIPTION |
| Extent |
1 online resource (pages cm) |
| 504 ## - BIBLIOGRAPHY, ETC. NOTE |
| Bibliography, etc. note |
Includes bibliographical references and index. |
| 506 0# - RESTRICTIONS ON ACCESS NOTE |
| Terms governing access |
Open Access |
| Standardized terminology for access restriction |
Unrestricted online access |
| Source of term |
star |
| 520 ## - SUMMARY, ETC. |
| Summary, etc. |
"Over one hundred presentations from the 36th annual Charleston Library Conference (held November 1-5, 2016) are included in this annual proceedings volume. Major themes of the meeting included data visualization, streaming video, analysis and assessment, demand-driven acquisition, and open access publishing. While the Charleston meeting remains a core one for acquisitions librarians in dialog with publishers and vendors, the breadth of coverage of this volume reflects the fact that this conference is now one of the major venues for leaders in the publishing and library communities to shape strategy and prepare for the future. Almost 2,000 delegates attended the 2016 meeting, ranging from the staff of small public library systems to the CEOs of major corporations. This fully indexed, copyedited volume provides a rich source for the latest evidence-based research and lessons from practice in a range of information science fields. Contributors comprise leaders in the library, publishing, and vendor communities"-- |
| Assigning source |
Provided by publisher. |
| 588 ## - SOURCE OF DESCRIPTION NOTE |
| Source of description note |
Description based on print version record. |
| 695 ## - |
| -- |
future. Almost 2,000 delegates attended the 2016 meeting, ranging from the staff of small public library systems to the CEOs of major corporations. This fully indexed, copyedited volume provides a rich source for the latest evidence-based research and lessons from practice in a range of information science fields. Contributors comprise leaders in the library, publishing, and vendor communities"-- |
| -- |
Provided by publisher. |
| 655 #7 - INDEX TERM--GENRE/FORM |
| Genre/form data or focus term |
Electronic books. |
| Source of term |
local |
| 765 ## - ORIGINAL LANGUAGE ENTRY |
| Main entry heading |
t, |
| 770 ## - SUPPLEMENT/SPECIAL ISSUE ENTRY |
| Main entry heading |
p |
| 710 2# - ADDED ENTRY--CORPORATE NAME |
| Corporate name or jurisdiction name as entry element |
Project Muse. |
| Relator term |
distributor |
| 830 #0 - SERIES ADDED ENTRY--UNIFORM TITLE |
| Uniform title |
Book collections on Project MUSE. |
| 856 40 - ELECTRONIC LOCATION AND ACCESS |
| Public note |
Full text available: |
| Uniform Resource Identifier |
<a href="https://muse.jhu.edu/book/62521/">https://muse.jhu.edu/book/62521/</a> |
| 945 ## - LOCAL PROCESSING INFORMATION (OCLC) |
| a |
Project MUSE - 2018 Complete |